000 00396 a2200169 4500
001 74405
020 _a8570565151
040 _cAnchieta - Colégio São Paulo
100 _aSeffiner, Fernando
240 1 0 _aDa reforma à contra - reforma
_lpor
245 1 0 _aDa reforma à contra - reforma
300 _a
362 0 _a1993
440 1 _aAtual
650 4 _aHistória do mundo
942 _cBK
999 _c74405
_d74405